Экономика таможенного дела: электронный курс
| Autore principale: | |
|---|---|
| Ente Autore: | |
| Altri autori: | |
| Riassunto: | Заглавие с экрана Курс "Экономика таможенного дела" ориентирован на формирование у студентов системы знаний об экономических закономерностях, принципах и правилах организации таможенного дела в РФ. Доступ по логину и паролю |
| Lingua: | russo |
| Pubblicazione: |
Томск, TPU Moodle, 2015
|
| Soggetti: | |
| Accesso online: | http://design.lms.tpu.ru/course/view.php?id=1043 |
| Natura: | Elettronico Libro |
| KOHA link: | https://koha.lib.tpu.ru/cgi-bin/koha/opac-detail.pl?biblionumber=651836 |
MARC
| LEADER | 00000nlm0a2200000 4500 | ||
|---|---|---|---|
| 001 | 651836 | ||
| 005 | 20240208145032.0 | ||
| 035 | |a (RuTPU)RU\TPU\network\17098 | ||
| 035 | |a RU\TPU\network\17097 | ||
| 090 | |a 651836 | ||
| 100 | |a 20161123d2015 m y0rusy50 ca | ||
| 101 | 0 | |a rus | |
| 102 | |a RU | ||
| 105 | |a a j 000zy | ||
| 135 | |a jrcn ---uucaa | ||
| 181 | 0 | |a i | |
| 182 | 0 | |a b | |
| 200 | 1 | |a Экономика таможенного дела |e электронный курс |f Л. И. Сосковец, М. А. Штанько |g Национальный исследовательский Томский политехнический университет (ТПУ), Институт социально-гуманитарных технологий (ИСГТ), Кафедра истории и регионоведения (ИСТ) | |
| 203 | |a Текст |c электронный | ||
| 210 | |a Томск |c TPU Moodle |d 2015 | ||
| 300 | |a Заглавие с экрана | ||
| 330 | |a Курс "Экономика таможенного дела" ориентирован на формирование у студентов системы знаний об экономических закономерностях, принципах и правилах организации таможенного дела в РФ. | ||
| 333 | |a Доступ по логину и паролю | ||
| 606 | 1 | |a Таможенное дело |x Экономика |2 stltpush |3 (RuTPU)RU\TPU\subj\69328 |9 84236 | |
| 610 | 1 | |a электронный ресурс | |
| 610 | 1 | |a труды учёных ТПУ | |
| 610 | 1 | |a электронное обучение | |
| 610 | 1 | |a электронные курсы ТПУ | |
| 610 | 1 | |a таможенное дело | |
| 610 | 1 | |a экономика | |
| 610 | 1 | |a активы | |
| 610 | 1 | |a таможенные органы | |
| 610 | 1 | |a инфраструктура | |
| 610 | 1 | |a экономические механизмы | |
| 610 | 1 | |a эффективность | |
| 610 | 1 | |a учебные пособия | |
| 610 | 1 | |a электронные учебные пособия | |
| 686 | |a У9(2)428я73 |2 rubbk | ||
| 700 | 1 | |a Сосковец |b Л. И. |c историк, политолог |c профессор Томского политехнического университета, доктор исторических наук |f 1956- |g Любовь Ивановна |3 (RuTPU)RU\TPU\pers\25443 |9 11385 | |
| 701 | 1 | |a Штанько |b М. А. |c философ |c доцент Томского политехнического университета, кандидат философских наук |f 1976- |g Марина Александровна |3 (RuTPU)RU\TPU\pers\25569 | |
| 712 | 0 | 2 | |a Национальный исследовательский Томский политехнический университет (ТПУ) |b Институт социально-гуманитарных технологий (ИСГТ) |b Кафедра истории и регионоведения (ИСТ) |3 (RuTPU)RU\TPU\col\18372 |
| 801 | 2 | |a RU |b 63413507 |c 20170116 |g RCR | |
| 856 | 4 | |u http://design.lms.tpu.ru/course/view.php?id=1043 | |
| 942 | |c CF | ||